LIBRARY & INFORMATION CENTRE, KCAET, TAVANUR

ONLINE PUBLIC ACCESS CATALOGUE (OPAC)

Introduction to mineral economics / (Record no. 1790)

MARC details
000 -LEADER
fixed length control field 00653cam a2200241ua 4500
020 ## - INTERNATIONAL STANDARD BOOK NUMBER
ISBN 81-224-0499-5
041 ## - LANGUAGE CODE
Language code of text/sound track or separate title eng
082 ## - DEWEY DECIMAL CLASSIFICATION NUMBER
Classification number 549
Item number CHA/IN
100 ## - MAIN ENTRY--AUTHOR NAME
Personal name Chatterjee, Kaulir kisor .
245 ## - TITLE STATEMENT
Title Introduction to mineral economics /
250 ## - EDITION STATEMENT
Edition statement 1 /
260 ## - PUBLICATION, DISTRIBUTION, ETC. (IMPRINT)
Place of publication New Delhi :
Name of publisher Wiley Eastern Ltd ,
Year of publication 1993.
300 ## - PHYSICAL DESCRIPTION
Number of Pages 353 :
Other physical details ` ; .
650 ## - SUBJECT ADDED ENTRY--TOPICAL TERM
Topical Term mineral information system
650 ## - SUBJECT ADDED ENTRY--TOPICAL TERM
Topical Term Mineral inventory,
650 ## - SUBJECT ADDED ENTRY--TOPICAL TERM
Topical Term mineral production
650 ## - SUBJECT ADDED ENTRY--TOPICAL TERM
Topical Term Mines
942 ## - ADDED ENTRY ELEMENTS (KOHA)
Koha item type Books
Holdings
Withdrawn status Lost status Damaged status Home library Current library Date acquired Full call number Accession Number Koha item type
Withdrawn   Damaged KAUAET KAUAET 07/04/2012 549 19783 Books
      KAUAET KAUAET 07/04/2012 549 20000 Books
free website counter